000 00347nam a2200133Ia 4500
008 240624s9999 xx 000 0 und d
041 _aeng
082 _a658.4063 SAR
100 _aSARKAR SOUMODIP
245 _aINNOVATION MARKET ARCHETYPES AND OUTCOME
260 _c2007
_aNew York
_bSpringer
300 _axi, 202 p.; 23 cm.
365 _cERU
_b38
999 _c31157
_d31157